| 000 | 00582nam a2200193Ia 4500 | ||
|---|---|---|---|
| 003 | OSt | ||
| 005 | 20260625103302.0 | ||
| 008 | 210210b2003 xxu||||| |||| 00| 0 eng d | ||
| 040 | _cAL | ||
| 041 | _aSanskrit | ||
| 082 | _aS891.8 MADV | ||
| 100 |
_aMADHUSUDANA (D P). _dमधुसूदन (डी. पी.) _9265982 |
||
| 245 |
_aVaidya shastra dipika. _bवैद्यशास्त्रदीपिका |
||
| 260 |
_aMysore _bOriental research institute _c2003 |
||
| 300 | _a191,xxii | ||
| 690 |
_aSanskrit Miscellaneous _9265983 |
||
| 906 | _a059795 | ||
| 942 |
_2ddc _cBK |
||
| 999 |
_c106896 _d106896 |
||